Statystyki dla Łacińskie nazwy pierwiastków

Kliknij tutaj aby rozwiązać quiz!

Ogólne statystyki

  • Ten quiz został rozwiązany 39 razy
  • Średni wynik to 51 z 118

Statystyki odpowiedzi

NrPolska nazwaŁacińska nazwaSymbol% Poprawnych
13GlinAluminiumAl
86%
20WapńCalciumCa
86%
6WęgielCarboniumC
86%
26ŻelazoFerrumFe
86%
2HelHeliumHe
86%
1WodórHydrogeniumH
86%
12MagnezMagnesiumMg
86%
8TlenOxygeniumO
86%
18ArgonArgonAr
82%
17ChlorChlorumCl
82%
11SódNatriumNa
82%
10NeonNeonNe
82%
5BorBoriumB
77%
19PotasKaliumK
77%
7AzotNitrogeniumN
77%
16SiarkaSulphurS
77%
22TytanTitaniumTi
77%
35BromBromumBr
73%
24ChromChromiumCr
73%
9FluorFluorF
73%
3LitLithiumLi
73%
53JodIodiumI
68%
15FosforPhosphorusP
68%
47SrebroArgentumAg
64%
29MiedźCuprumCu
64%
32GermanGermaniumGe
64%
46PalladPalladiumPd
64%
34SelenSeleniumSe
64%
30CynkZincumZn
64%
56BarBariumBa
59%
31GalGalliumGa
59%
79ZłotoAurumAu
55%
4BerylBerylliumBe
55%
27KobaltCobaltumCo
55%
25ManganManganumMn
55%
78PlatynaPlatinumPt
55%
37RubidRubidiumRb
55%
14KrzemSiliciumSi
55%
48KadmCadmiumCd
50%
36KryptonKryptonKr
50%
84PolonPoloniumPo
50%
21SkandScandiumSc
50%
38StrontStrontiumSr
50%
23WanadVanadiumV
50%
33ArsenArsenicumAs
45%
80RtęćHydrargyrumHg
45%
28NikielNiccolumNi
45%
82OłówPlumbumPb
45%
74WolframWolframiumW
45%
54KsenonXenonXe
45%
49IndIndiumIn
41%
41NiobNiobiumNb
41%
43TechnetTechnetiumTc
41%
83BizmutBisemutumBi
36%
55CezCaesiumCs
36%
63EuropEuropiumEu
36%
50CynaStannumSn
36%
52TellurTelluriumTe
36%
58CerCeriumCe
32%
68ErbErbiumEr
32%
64GadolinGadoliniumGd
32%
72HafnHafniumHf
32%
67HolmHolmiumHo
32%
76OsmOsmiumOs
32%
88RadRadiumRa
32%
86RadonRadonRn
32%
73TantalTantalumTa
32%
65TerbTerbiumTb
32%
107BohrBohriumBh
27%
98KalifornCaliforniumCf
27%
112KopernikCoperniciumCn
27%
66DysprozDysprosiumDy
27%
99EinsteinEinsteiniumEs
27%
100FermFermiumFm
27%
87FransFranciumFr
27%
57LantanLanthanumLa
27%
71LutetLutetiumLu
27%
101MendelewMendeleviumMd
27%
113NihonNihoniumNh
27%
102NobelNobeliumNo
27%
94PlutonPlutoniumPu
27%
45RodRhodiumRh
27%
111RoentgenRoentgeniumRg
27%
44RutenRutheniumRu
27%
62SamarSamariumSm
27%
90TorThoriumTh
27%
92UranUraniumU
27%
40CyrkonZirconiumZr
27%
89AktynActiniumAc
23%
95AmerykAmericiumAm
23%
85AstatAstatinumAt
23%
110DarmsztadtDarmstadtiumDs
23%
105DubnDubniumDb
23%
114FlerowFleroviumFl
23%
108HasHassiumHs
23%
77IrydIridiumIr
23%
116LiwermorLivermoriumLv
23%
109MeitnerMeitneriumMt
23%
42MolibdenMolybdenumMo
23%
115MoskowMoscoviumMc
23%
60NeodymNeodymiumNd
23%
93NeptunNeptuniumNp
23%
118OganesonOganessonOg
23%
104RutherfordRutherfordiumRf
23%
106SeaborgSeaborgiumSg
23%
81TalThalliumTl
23%
39ItrYttriumY
23%
97BerkelBerkeliumBk
18%
96KiurCuriumCm
18%
59PrazeodymPraseodymiumPr
18%
61PrometPromethiumPm
18%
91ProtaktynProtactiniumPa
18%
75RenRheniumRe
18%
51AntymonStibiumSb
18%
117TenesTennessineTs
18%
103LorensLawrenciumLr
14%
69TulThuliumTm
14%
70IterbYtterbiumYb
14%

Rozkład punktacji

Percentyl według liczby udzielonych odpowiedzi

Procent ludzi z każdym wynikiem

Twoja historia wyników

Nie rozwiązałeś tego quizu